| 000 | 00345nam a2200133Ia 4500 | ||
|---|---|---|---|
| 008 | 150202s9999 xx 000 0 und d | ||
| 020 | _a553147781 | ||
| 050 |
_aFIC _bFIC |
||
| 100 | _aHailey, Arthur. | ||
| 245 |
_aHotel / _cArthur Hailey. |
||
| 260 |
_aNew York : _bBantam Books, _c1981. |
||
| 300 |
_a408 pages : _c18 cm. |
||
| 650 | _aFiction. | ||
| 999 |
_c282092 _d282092 |
||